Counting To 20 By Languages - Statistics

General Stats
  • This quiz has been taken 52 times
  • The average score is 6 of 20
Answer Stats
Language Number Answer % Correct
English 1 one
100%
Spanish 4 cuatro
76%
German 11 elf
57%
French 20 vingt
46%
Mandarin 3 san
33%
Russian 8 vosem'
33%
Hindi 2 do
26%
Swedish 14 fjorton
24%
Greek 7 epta
22%
Japanese 9 kyu
22%
Italian 16 sedici
20%
Portuguese 17 dezessete
17%
Polish 18 osiemnaście
17%
Latin 12 duodecim
15%
Turkish 13 on üç
15%
Dutch 15 vijftien
15%
Korean 5 daseos/o
13%
Ukrainian 10 desyatʹ
13%
Afrikaans 19 negentien
13%
Telugu 6 āru
9%
No matching quizzes found
Score Distribution
Percent of People with Each Score
Percentile by Number Answered
Your Score History
You have not taken this quiz